El español de Costa Rica. Diccionario de costarriqueñismos /
Saved in:
| Main Author: | |
|---|---|
| Format: | Unknown |
| Language: | Spanish |
| Published: |
San José, Costa Rica :
Asamble Legislativa de la República de Costa Rica,
1996.
|
| Subjects: | |
| Tags: |
Add Tag
No Tags, Be the first to tag this record!
|
MARC
| LEADER | 000000000a22000000004500 | ||
|---|---|---|---|
| 001 | 001720 | ||
| 020 | |a 9977916551 | ||
| 041 | 0 | |a spa | |
| 082 | 0 | 4 | |a 467.03 |b A282d Referencia |
| 100 | 1 | |a Aguero Chaves, Arturo, |d 1907-2001 | |
| 245 | 1 | 3 | |a El español de Costa Rica. Diccionario de costarriqueñismos / |c Arturo Agüero Chaves. |
| 260 | 1 | |a San José, Costa Rica : |b Asamble Legislativa de la República de Costa Rica, |c 1996. | |
| 300 | |a volumenes : |b retrato | ||
| 500 | |a Título de la cubierta: Diccionario de costarriqueñismos | ||
| 650 | 4 | |a COSTARRIQUEÑISMOS | |
| 650 | 4 | |a DICCIONARIOS | |
| 999 | |c 8404 |d 8404 | ||
| 942 | |c BK |h 467.03 A282d Referencia |2 z | ||



